000 00594nam a2200193Ia 4500
008 131103s9999 xx 000 0 und d
040 _aLoreto College
041 _aEnglish
082 _a891.73/PAS
_bLCLIB/18251;copy 1
100 _aPasternak,Boris
245 _aDoctor Zhivago
_cBoris Pasternak; translated by Max Hayward & Manya Harari
260 _aNew York
_bThe Modern library
_c1957
300 _a559 p.
_c 22 cm.
440 _aThe Modern Library Of The World's Best Books
650 _aRussian fiction
700 _aHayward, Max;tr.
850 _aLCLIB/891.73/PAS
942 _cBK
999 _c13642
_d64121